Loading...
An introduction to numerical analysis /
| Main Author: | |
|---|---|
| Format: | Printed Book |
| Language: | English |
| Published: |
New York :
Wiley,
c1978.
|
| Subjects: |
| LEADER | 00542pam a2200157 i 4500 | ||
|---|---|---|---|
| 008 | 780331s1978 nyua b 001 0 eng | ||
| 020 | |a 0471029859 | ||
| 080 | |a 519.6 |b ATK | ||
| 100 | 1 | |a Atkinson, Kendall E. |9 511 | |
| 245 | 1 | 3 | |a An introduction to numerical analysis / |c Kendall E. Atkinson. |
| 260 | |a New York : |b Wiley, |c c1978. | ||
| 300 | |a xiii, 587 p. : |b ill. ; | ||
| 653 | |a numerical analysis | ||
| 942 | |c BK |6 _ | ||
| 999 | |c 216402 |d 216402 | ||
| 952 | |0 0 |1 0 |4 0 |6 5196_ATK |7 0 |9 280500 |a MAT |b MAT |d 2009-10-13 |o 519.6 ATK |p MAT02325 |r 2009-10-13 |t 1 |w 2009-10-13 |y BK | ||